000 00583nam a2200241Ia 4500
003 OSt
005 20220924132835.0
006 a|||||r|||| 00| 0
007 ta
008 220923b |||||||| |||| 00| 0 tam d
024 _a251623
037 _cTextual
040 _aARTS
_cARTS
_btam
041 _2tam
_atam
082 _aO31:gx, P2
100 _aRamiya Ed.
_9205140
245 0 _aThamizhiyal aaayvn
260 _c2002
300 _a354p.
_ccm.
650 _aTAMIL LITERATURE
942 _hO31:gx, P2
_cTEXL
_2CC
999 _c431764
_d431764